000 00329 a2200157 4500
001 170666
020 _a
040 _cMagnum
100 _aFittipaldi, Cica
240 1 0 _aTamandua, que bandeira !
_lpor
245 1 0 _aTamandua, que bandeira !
362 0 _a1899
440 1 _aFTD
697 _aIJ/PARADIDATICO
942 _cBK
999 _c170666
_d170666